| 000 | 00951cam a22001935a 4500 | ||
|---|---|---|---|
| 001 | L150070 | ||
| 008 | 100527e2010 xxk 000 0 eng d | ||
| 035 | _a(Sirsi) u150070 | ||
| 041 | 0 | _aeng | |
| 110 | 2 |
_aProperty Week _91549 |
|
| 245 | 0 | 0 | _aPrime yields fall fractionally in March |
| 260 | _c2010 | ||
| 490 | 0 |
_aProperty Week _v76(19) 17 May 2010, 40(1) |
|
| 520 | _aCushman and Wakefield's April UK property investment market update shows prime yields falling by only eight basis points to an average 5.79%, their lowest level since May 2008. There was however downward pressure in only five of the 25 subsectors analysed. Many investors remain frustrated by the lack of prime property on the market and strong buyer competition. Table covers prime retail yields by subsector for April 2010. | ||
| 590 | _aKA | ||
| 651 | 4 |
_aUnited Kingdom _y |
|
| 690 | _aPROPERTY-COMMERCIAL PROPERTY-COMMERCIAL PROPERTY FINANCE AND INVESTMENT | ||
| 942 | _n0 | ||
| 999 |
_c82382 _d82382 |
||